Name All Songs in Six The Musical - Statistics

General Stats
  • This quiz has been taken 29 times
    11 since last reset
  • The average score is 8 of 9
Answer Stats
Answer % Correct
Don't Lose Your Head
100%
No Way
100%
Six
100%
All You Wanna Do
91%
Ex-wives
91%
Get Down
91%
Heart of Stone
91%
I Don't Need Your Love
82%
The House of Holbein
82%
No matching quizzes found
Score Distribution
Percent of People with Each Score
Percentile by Number Answered
Your Score History
You have not taken this quiz since the last reset